| 000 | 00590cam a2200145 4500500 | ||
|---|---|---|---|
| 005 | 20251012020628.0 | ||
| 041 | _afre | ||
| 042 | _adc | ||
| 100 | 1 | 0 |
_ad'Arienzo, María _eauthor |
| 245 | 0 | 0 | _aChiesa cattolica ed Europa centro-orientale. Libertà religiosa e processo di democratizzazione, Antonio G. Chizzoniti (dir.), Vita e pensiero, Milan, 2004, 724 p. |
| 260 | _c2005. | ||
| 500 | _a8 | ||
| 786 | 0 | _nL'Année canonique | XLVII | 1 | 2005-02-11 | p. 377-378 | 0570-1953 | |
| 856 | 4 | 1 | _uhttps://shs.cairn.info/revue-l-annee-canonique-2005-1-page-377?lang=fr&redirect-ssocas=7080 |
| 999 |
_c1536229 _d1536229 |
||